| 000 | 00404nam a2200157Ia 4500 | ||
|---|---|---|---|
| 008 | 210716s2011 xx 000 0 und d | ||
| 020 | _a9788132202950 | ||
| 041 | _aeng | ||
| 082 | _a005.368 JALP | ||
| 100 | _aJalote, Pankaj. | ||
| 245 | _aConcise introduction to software engineering. | ||
| 250 | _a1 | ||
| 260 |
_aNew Delhi _bSpringer _c2011 |
||
| 300 | _axii,272 | ||
| 650 | _aSoftware Engineering | ||
| 999 |
_c193328 _d193328 |
||